00286nam a2200097Ia 4500008004100000082001700041100001800058245004300076260003100119650003800150211119s9999||||xx |||||||||||||| ||und|| a658.3bROS-B aRose, Peter S 0aBank Management and Financial Services bMc-Graw HillaBostonc2008 aManagementManagementxMBA LIBRARY